[Event "Rennes op 2nd"]
[Site "Rennes"]
[Date "2009.07.17"]
[Round "3"]
[White "Heyman, Jacques"]
[Black "Roussel, Yannis"]
[Result "1-0"]
[WhiteElo "1855"]
[BlackElo "1586"]
[PlyCount "111"]
[EventDate "2009.07.15"]
[EventType "swiss"]
[EventRounds "9"]
[EventCountry "FRA"]
[SourceTitle "EXT 2011"]
[Source "ChessBase"]
[SourceDate "2010.11.26"]
[SourceVersion "1"]
[SourceVersionDate "2010.11.26"]
[SourceQuality "1"]

1. d4 d5 2. Bf4 Nf6 3. e3 e6 4. Nf3 c5 5. c3 c4 6. Nbd2 Bd6 7. Ne5 0-0 8. b4 b5 9. Bg5 Nbd7 10. f4 Be7 11. Nc6 Qe8 12. Nxe7+ Qxe7 13. Be2 h6 14. Bxf6 Nxf6 15. 0-0 Bd7 16. Qc2 Rfb8 17. a3 Bc6 18. Nf3 Nd7 19. Ne5 Nxe5 20. fxe5 Qg5 21. Rf3 Rb7 22. Qb2 Rf8 23. Rg3 Qh4 24. Rg4 Qe7 25. Rf1 f6 26. exf6 Rxf6 27. Rxf6 Qxf6 28. Rf4 Qd8 29. Qb1 Be8 30. Qf1 Rf7 31. Rxf7 Bxf7 32. Qf4 a6 33. Bd1 Qb6 34. Bc2 Qd8 35. h3 Qb6 36. Qe5 Qd8 37. e4 Kf8 38. exd5 exd5 39. Kh2 Kg8 40. Bf5 g6 41. Bg4 h5 42. Bf3 Kf8 43. Qh8+ Ke7 44. Qxd8+ Kxd8 45. h4 Be6 46. Kg3 Ke7 47. Kf4 Kf6 48. g3 Bg8 49. g4 Bf7 50. gxh5 gxh5 51. Bd1 Be6 52. Bc2 Bd7 53. Bd1 Be8 54. Be2 Bg6 55. Bf1 Bf7 56. Bh3 1-0

[Event "Metz op 26th"]
[Site "Metz"]
[Date "2008.04.21"]
[Round "3"]
[White "Taddei, Benoit"]
[Black "Heyman, Jacques"]
[Result "1-0"]
[WhiteElo "2297"]
[BlackElo "1917"]
[PlyCount "75"]
[EventDate "2008.04.19"]
[EventType "swiss"]
[EventRounds "9"]
[EventCountry "FRA"]
[SourceTitle "CBM 123 Extra"]
[Source "ChessBase"]
[SourceDate "2008.05.06"]
[SourceVersion "1"]
[SourceVersionDate "2008.05.06"]
[SourceQuality "1"]

1. e4 c6 2. d4 d5 3. f3 e6 4. Nc3 Bb4 5. a3 Bd6 6. e5 Bf8 7. Be3 h5 8. f4 g6 9. Nf3 b6 10. g3 Nh6 11. h3 Nf5 12. Bf2 Ba6 13. Bxa6 Nxa6 14. Qd3 Nb8 15. 0-0-0 b5 16. g4 Ng7 17. Ne2 a5 18. Ng3 Qd7 19. Rde1 b4 20. a4 c5 21. dxc5 hxg4 22. hxg4 Rxh1 23. Rxh1 Qxa4 24. Bd4 Qc6 25. f5 gxf5 26. gxf5 Qa6 27. f6 Qxd3 28. cxd3 Nf5 29. Nxf5 exf5 30. Rh8 Nc6 31. Be3 0-0-0 32. d4 a4 33. Ng5 f4 34. Bf2 a3 35. bxa3 bxa3 36. Nxf7 Be7 37. Nxd8 Nb4 38. Nc6+ 1-0

[Event "Metz op 24th"]
[Site "Metz"]
[Date "2006.04.30"]
[Round "9"]
[White "Heyman, Jacques"]
[Black "Stojanovic, Vojislav"]
[Result "1/2-1/2"]
[WhiteElo "1948"]
[BlackElo "1824"]
[PlyCount "74"]
[EventDate "2006.04.22"]
[EventType "swiss"]
[EventRounds "9"]
[EventCountry "FRA"]
[SourceTitle "EXT 2007"]
[Source "ChessBase"]
[SourceDate "2006.11.23"]
[SourceVersion "1"]
[SourceVersionDate "2006.11.23"]
[SourceQuality "1"]

1. d4 f5 2. Bg5 Nf6 3. Bxf6 exf6 4. e3 d5 5. Bd3 g6 6. Nd2 Bg7 7. c3 0-0 8. Ne2 Re8 9. Qc2 Nd7 10. Nf4 Nf8 11. h4 Ne6 12. g3 Nxf4 13. gxf4 Be6 14. 0-0-0 Qd7 15. h5 Bf7 16. hxg6 hxg6 17. Nf3 Kf8 18. Rdg1 Ke7 19. Rh7 Rg8 20. Nh4 Raf8 21. Bxf5 gxf5 22. Nxf5+ Kd8 23. Rgxg7 Rxg7 24. Rxg7 Qe6 25. Nh6 Be8 26. Qf5 Qc6 27. Rg8 Rxg8 28. Nxg8 Qc4 29. Qxf6+ Kc8 30. Qf5+ Kd8 31. Qg5+ Kc8 32. Ne7+ Kb8 33. Qxd5 Qf1+ 34. Kc2 Qe2+ 35. Kb3 Bf7 36. Qxf7 Qb5+ 37. Kc2 Qe2+ 1/2-1/2

[Event "Metz op 24th"]
[Site "Metz"]
[Date "2006.04.29"]
[Round "8"]
[White "Gorse, Gerard"]
[Black "Heyman, Jacques"]
[Result "1-0"]
[WhiteElo "2049"]
[BlackElo "1948"]
[PlyCount "92"]
[EventDate "2006.04.22"]
[EventType "swiss"]
[EventRounds "9"]
[EventCountry "FRA"]
[SourceTitle "EXT 2007"]
[Source "ChessBase"]
[SourceDate "2006.11.23"]
[SourceVersion "1"]
[SourceVersionDate "2006.11.23"]
[SourceQuality "1"]

1. d4 d5 2. c4 c6 3. e3 Nf6 4. Nc3 g6 5. Nf3 Bg7 6. Bd3 Bg4 7. Qb3 b6 8. cxd5 Nxd5 9. Nxd5 cxd5 10. Ne5 Bf5 11. Bb5+ Kf8 12. Bd2 a6 13. Be2 f6 14. Nf3 Be6 15. Rc1 Kf7 16. 0-0 a5 17. Rc3 Qd6 18. Rfc1 Ra7 19. a3 Rd8 20. Qc2 Bf5 21. Bd3 Bxd3 22. Qxd3 Bf8 23. R3c2 Qd7 24. Qb3 Qe6 25. Qb5 Qd6 26. b4 a4 27. Qd3 Qd7 28. h4 h5 29. e4 dxe4 30. Qxe4 Qd5 31. Qf4 Qd6 32. Ne5+ Ke8 33. Nxg6 Rad7 34. Qf3 Qd5 35. Qg3 Qf7 36. Nxf8 Rxd4 37. Bh6 Rg4 38. Qe3 Qd5 39. f3 Rxh4 40. Ne6 Qd6 41. Nxd8 Qh2+ 42. Kf2 e5 43. Ne6 Nd7 44. Ng7+ Kf7 45. Nf5 Rh3 46. Rc7 Ke6 1-0

[Event "Metz op 23rd"]
[Site "Metz"]
[Date "2005.??.??"]
[Round "5"]
[White "Birens, Eric Andre"]
[Black "Heyman, Jacques"]
[Result "1-0"]
[WhiteElo "2122"]
[BlackElo "1986"]
[PlyCount "90"]
[EventDate "2005.04.16"]
[EventType "swiss"]
[EventRounds "9"]
[EventCountry "FRA"]
[SourceTitle "EXT 2007"]
[Source "ChessBase"]
[SourceDate "2006.11.23"]
[SourceVersion "1"]
[SourceVersionDate "2006.11.23"]
[SourceQuality "1"]

1. d4 d5 2. c4 c6 3. Nf3 Nf6 4. Nc3 dxc4 5. a4 Bf5 6. Ne5 e6 7. e3 a5 8. Bxc4 Na6 9. 0-0 Nb4 10. Qf3 Bg6 11. Nxg6 hxg6 12. h3 Be7 13. Rd1 Qc7 14. e4 Rd8 15. Bf4 Qb6 16. Rd2 0-0 17. Rad1 Rfe8 18. g4 Rf8 19. Kg2 Qa7 20. h4 Nd7 21. g5 Nb6 22. Bb3 Bd6 23. e5 Be7 24. h5 N6d5 25. Ne4 f6 26. gxf6 gxf6 27. Bh6 fxe5 28. Qg4 g5 29. Qxe6+ Kh8 30. Qxe5+ Bf6 31. Nxf6 Rxf6 32. Bxg5 Rdf8 33. Bxf6+ Rxf6 34. Bxd5 Nxd5 35. Kh2 Qa8 36. Rg1 Kh7 37. Rg6 Rxg6 38. hxg6+ Kxg6 39. Rd3 Nf6 40. Rg3+ Kf7 41. Qc7+ Ke6 42. Re3+ Kf5 43. Rf3+ Kg6 44. Qd6 Qh8+ 45. Kg2 Qh4 1-0

[Event "Metz op 23rd"]
[Site "Metz"]
[Date "2005.??.??"]
[Round "3"]
[White "Serafimov, Tervel"]
[Black "Heyman, Jacques"]
[Result "1-0"]
[WhiteElo "2406"]
[BlackElo "1986"]
[PlyCount "63"]
[EventDate "2005.04.16"]
[EventType "swiss"]
[EventRounds "9"]
[EventCountry "FRA"]
[SourceTitle "EXT 2007"]
[Source "ChessBase"]
[SourceDate "2006.11.23"]
[SourceVersion "1"]
[SourceVersionDate "2006.11.23"]
[SourceQuality "1"]

1. c4 c6 2. g3 Nf6 3. Nf3 d5 4. Bg2 Bf5 5. 0-0 e6 6. d3 Be7 7. Be3 Nbd7 8. Qb3 Qb8 9. cxd5 exd5 10. Nc3 Nc5 11. Qc2 Ne6 12. Nd4 Nxd4 13. Bxd4 0-0 14. h3 Rd8 15. Rad1 Qc8 16. Kh2 Be6 17. e4 dxe4 18. dxe4 Bc4 19. Rfe1 Ba6 20. e5 Ne8 21. Be4 h6 22. Bf5 Qc7 23. Qe4 g6 24. Bxg6 fxg6 25. Qxg6+ Ng7 26. Ne4 Bc4 27. Nf6+ Kf8 28. e6 Bxf6 29. Qxf6+ Kg8 30. e7 Rxd4 31. Rxd4 Ne8 32. Qg6+ 1-0

[Event "Val Thorens op"]
[Site "Val Thorens"]
[Date "2002.??.??"]
[Round "4"]
[White "Brunner, Nicolas"]
[Black "Heyman, Jacques"]
[Result "1-0"]
[WhiteElo "2253"]
[BlackElo "2061"]
[PlyCount "75"]
[EventDate "2002.07.15"]
[EventType "swiss"]
[EventRounds "9"]
[EventCountry "FRA"]
[SourceTitle "EXT 2016"]
[Source "ChessBase"]
[SourceDate "2015.10.08"]
[SourceVersion "1"]
[SourceVersionDate "2015.10.08"]
[SourceQuality "1"]

1. d4 d5 2. c4 c6 3. Nc3 Nf6 4. Nf3 dxc4 5. a4 Bf5 6. Ne5 e6 7. Nxc4 Bb4 8. f3 0-0 9. Bg5 Be7 10. e4 Bg6 11. Qb3 Qc7 12. Be2 Na6 13. 0-0 Ne8 14. Be3 Qc8 15. Ne5 Nac7 16. a5 f6 17. Nxg6 hxg6 18. Rfd1 Kh7 19. Na4 f5 20. Nc5 Rb8 21. Bc4 Bxc5 22. dxc5 a6 23. Bf4 fxe4 24. Bxe6 Nxe6 25. Bxb8 exf3 26. Bd6 Rf5 27. Rd2 Ng5 28. Ra4 Qe6 29. Qxe6 Nxe6 30. Re4 N8c7 31. Bxc7 Nxc7 32. Rh4+ Kg8 33. Rd8+ Kf7 34. Rd7+ Kf6 35. Rxc7 f2+ 36. Kf1 Rxc5 37. Rf4+ Ke5 38. g3 1-0

[Event "Chambery op 4th"]
[Site "Chambery"]
[Date "1998.??.??"]
[Round "?"]
[White "Alexieva, Silvia"]
[Black "Heyman, Jacques"]
[Result "1-0"]
[WhiteElo "2335"]
[BlackElo "2095"]
[PlyCount "93"]
[EventDate "1998.08.01"]
[EventType "swiss"]
[EventRounds "9"]
[EventCountry "FRA"]
[SourceTitle "EXT 2001"]
[Source "ChessBase"]
[SourceDate "2000.11.22"]
[SourceVersion "1"]
[SourceVersionDate "2000.11.22"]
[SourceQuality "1"]

1. e4 e6 2. d4 d5 3. Nd2 Nf6 4. e5 Nfd7 5. c3 c5 6. f4 Nc6 7. Ndf3 Qb6 8. a3 Ndb8 9. Bd3 Bd7 10. Ne2 c4 11. Bc2 Na5 12. Rb1 Nbc6 13. 0-0 Be7 14. f5 Nb3 15. fxe6 Bxe6 16. Be3 Nca5 17. Bg5 Qd8 18. h4 h6 19. Bxe7 Qxe7 20. Nf4 0-0-0 21. h5 Kb8 22. Qe1 Rdg8 23. Rd1 Kc7 24. Bf5 Kb8 25. Bxe6 fxe6 26. Ng6 Qe8 27. Nfh4 Rh7 28. Qf2 a6 29. Qf7 Nc6 30. Nf8 Qxf7 31. Rxf7 Nd8 32. Rf2 g5 33. Nxh7 gxh4 34. Rf8 Rxf8 35. Nxf8 b5 36. Kh2 Kb7 37. Kh3 Na5 38. Kxh4 Nac6 39. Rf1 a5 40. Rf6 b4 41. axb4 axb4 42. Rxh6 Nxd4 43. cxd4 c3 44. Rf6 c2 45. Rf1 b3 46. h6 Nc6 47. Nxe6 1-0

[Event "Metz op 15th"]
[Site "Metz"]
[Date "1997.??.??"]
[Round "8"]
[White "Deis, Alain"]
[Black "Heyman, Jacques"]
[Result "0-1"]
[WhiteElo "1910"]
[BlackElo "2135"]
[PlyCount "56"]
[EventDate "1997.04.??"]
[EventType "swiss"]
[EventRounds "9"]
[EventCountry "FRA"]
[SourceTitle "EXT 1999"]
[Source "ChessBase"]
[SourceDate "1998.11.16"]
[SourceVersion "1"]
[SourceVersionDate "1998.11.16"]
[SourceQuality "1"]

1. e4 e6 2. d4 d5 3. Nd2 Nf6 4. e5 Nfd7 5. Bd3 c5 6. c3 Nc6 7. Ne2 cxd4 8. cxd4 f6 9. exf6 Nxf6 10. Nf3 Bd6 11. 0-0 Qc7 12. Nc3 a6 13. Bg5 0-0 14. Re1 Ng4 15. h3 Bh2+ 16. Kf1 Nxf2 17. Kxf2 Qg3+ 18. Ke3 e5 19. Nxd5 Rxf3+ 20. Qxf3 Qxg5+ 21. Kf2 Bd7 22. Nb6 Nxd4 23. Bc4+ Kh8 24. Qf7 Qg3+ 25. Kf1 Bxh3 26. Bd5 Rd8 27. Re3 Qxe3 28. Qf2 Qd3+ 0-1

[Event "Metz op 15th"]
[Site "Metz"]
[Date "1997.??.??"]
[Round "5"]
[White "Heyman, Jacques"]
[Black "Berend, Fred"]
[Result "0-1"]
[WhiteElo "2135"]
[BlackElo "2400"]
[PlyCount "102"]
[EventDate "1997.04.??"]
[EventType "swiss"]
[EventRounds "9"]
[EventCountry "FRA"]
[SourceTitle "EXT 1999"]
[Source "ChessBase"]
[SourceDate "1998.11.16"]
[SourceVersion "1"]
[SourceVersionDate "1998.11.16"]
[SourceQuality "1"]

1. d4 Nf6 2. Nf3 e6 3. Bf4 b6 4. e3 Bb7 5. Nbd2 Be7 6. h3 d6 7. Bh2 Nbd7 8. Be2 0-0 9. c3 Re8 10. 0-0 Bf8 11. a4 a6 12. Bc4 Ra7 13. b4 Qa8 14. Qc2 Ne4 15. Be2 c5 16. bxc5 bxc5 17. Rfc1 Rc8 18. Qb2 Bc6 19. Nxe4 Bxe4 20. Ne1 Rb8 21. Qd2 Rab7 22. Bd3 Rb2 23. Rc2 R2b3 24. f3 Bxd3 25. Nxd3 c4 26. Nb2 Qc6 27. Bg3 R8b7 28. e4 d5 29. Qe2 Qb6 30. Ra2 g6 31. Kh2 Nf6 32. Kh1 a5 33. Be5 Nd7 34. Bf4 h5 35. h4 Qd8 36. g3 Nb6 37. Qf2 Qd7 38. Qh2 Ba3 39. g4 Bxb2 40. gxh5 Bxc3 41. Be5 Rb1+ 42. Kg2 dxe4 43. hxg6 exf3+ 44. Kh3 Nd5 45. Rxc3 Nxc3 46. Qf4 Nd5 47. gxf7+ Qxf7 48. Qg5+ Kh7 49. Qd8 Rh1+ 50. Rh2 Qf5+ 51. Kg3 Rg7+ 0-1